000 00743cam a2200229 4500
001 ABS61592
008 000000n1999 000 0 eng u
035 _a(Sirsi) u102841
100 _aEade, C.
245 _aBigger is not always better
260 _c1999
490 _aProperty Week
_v64(42) 29 October 1999, 42-43(2)
520 _aSuggests that the local knowledge of small surveying firms can be very useful to larger London practices, and that small firms can benefit from such links.
590 _aABS
650 _aLOCAL KNOWLEDGE
650 _aSMALL FIRMS
650 _aSURVEYING FIRMS
650 _aLARGE FIRMS
650 _aJOINT AGENCY
690 _aMANAGEMENT-BUSINESS MANAGEMENT-PROFESSIONAL PRACTICE
942 _n0
999 _c61813
_d61813